Bilecik Bilecik Bilecik Bilecik Bilecik

Sevdalar sözde kaldı/ (Record no. 25355)

MARC details
000 -BAŞLIK
Sabit Uzunluktaki Kontrol Alanı 01547nam a22003857a 4500
001 - KONTROL NUMARASI
Control Dosyası 0025406
003 - KONTROL NUMARASI KİMLİĞİ
Kontrol Alanı KOHA_MİRAKIL
005 - EN SON İŞLEM TARİHİ ve ZAMANI
Kontrol Alanı 20260207002503.0
007 - FİZİKSEL TANIM SABİT ALAN - GENEL BİLGİ
Sabit uzunluklu kontrol alanı ta
008 - SABİT UZUNLUKTAKİ VERİ ÖGELERİ - GENEL BİLGİ
Sabit Alan 101112b2016 tu |||gr||||#0|||1|tur |
020 ## - ISBN - ULUSLARARASI STANDART KİTAP NUMARASI
Isbn 9753625103
020 ## - ISBN - ULUSLARARASI STANDART KİTAP NUMARASI
Isbn
020 ## - ISBN - ULUSLARARASI STANDART KİTAP NUMARASI
Kullanılabilirlik koşulları 7,19
040 ## - KATALOGLAMA KAYNAĞI
Özgün Kataloglama Kurumu TR-BiSEU
Kataloglama Dili tur
Çeviri Kurumu TR-BiSEU
Açıklama Kuralları rda
041 0# - DİL KODU
Metin ya da ses kaydının dil kodu tur
044 ## - YAYINLAYAN/ÜRETEN KURULUŞUN ÜLKE KODU
ISO country code tu
050 ## - SINIFLAMA ve YER NUMARASI
Sınıflama Numarası PL248.Y55
Yer Numarası S48 2016
100 1# - KİŞİ ADI
Yazar Adı (Kişi adı) Yıldız, Ahmet Günbay.
245 1# - ESER ADI BİLDİRİMİ
Başlık Sevdalar sözde kaldı/
Sorumluluk Bildirimi Ahmet Günbay Yıldız ; Ahmed Günbay Yıldız.
250 ## - BASIM BİLDİRİMİ
Basım Bildirimi 23. Baskı
264 #1 - ÜRERİM, YAYIN, DAĞITIM ve TELİF BİLDİRİMİ
Yayın yeri İstanbul :
Yayınlayan Timaş Yayınları
Yayın tarihi 2016
300 ## - FİZİKSEL TANIMLAMA
Sayfa, Cilt vb. 309 sayfa; 20 cm.
336 ## - İÇERİK TÜRÜ
Content type term metin
Content type code txt
Source rdacontent
337 ## - MEDYA TÜRÜ
Media type term aracısız
Media type code n
Source rdamedia
338 ## - TAŞIYICI TÜRÜ
Carrier type term cilt
Carrier type code nc
Source rdacarrier
490 1# - DİZİ BİLDİRİMİ
Dizi Bildirimi Timaş Yayınları ;
Cilt Numarası 595.
490 1# - DİZİ BİLDİRİMİ
Dizi Bildirimi Roman dizisi ;
Cilt Numarası 82.
505 ## - İÇİNDEKİLER NOTU
İçindekiler Notu Bir nesil Ahmet Günbay Yıldız'ın yüreklere tercüman olan ince ve hassas kaleminden dökülen romanlarla aşkı, çileyi, pişmanlığı, acıyı, kısacası tüm insani duyguları buram buram yaşadı. Bir sözde denildiği gibi 'Aşk ve ölüm büyük kalpleri avlarmış.' Onun diğer romanları gibi bu romanı da kalbimize aşkı ve sevdayı davet ediyor. Sevdaların sözde kalmaması için bu romanın sesini dinleyin ve onu da diğerleri gibi hemen yüreğinize işleyin.
650 #0 - KONU BAŞLIĞI EK GİRİŞ - KONU TERİMİ
Konusal terim veya coğrafi ad Turk romanı.
9 (RLIN) 44879
650 #0 - KONU BAŞLIĞI EK GİRİŞ - KONU TERİMİ
Konusal terim veya coğrafi ad Turkish fiction.
9 (RLIN) 6661
830 1# - SERİ EK GİRİŞİ - TEKBİÇİM ESER ADI
Tekbiçim Başlık Timaş Yayınları ;
Volume number/sequential designation 595.
9 (RLIN) 9767
830 1# - SERİ EK GİRİŞİ - TEKBİÇİM ESER ADI
Tekbiçim Başlık Roman dizisi ;
Volume number/sequential designation 82.
9 (RLIN) 22627
907 ## - LOCAL DATA ELEMENT G, LDG (RLIN)
a Roman
942 ## - EK GİRİŞ ÖGELERİ (KOHA)
Source of classification or shelving scheme Library of Congress Classification
Koha item type Book
Holdings
Materyal Türü Kalıcı Konum Mevcut Konum Raf Yeri Sınıflandırma Kaynağı Edinim Bilgisi Ana Konular Alt Konular Yer Numarası Demirbaş Numarası Fatura Tarihi Maliyet, Alış Fiyatı Maliyet, Yenileme Fiyatı Geri Çekilme Durumu Kayıp Durumu Hasarlı Durumu Kredi için değil Kayıt Tarih Toplam Ödünçverme Son Görülme Tarihi Son Kontrol Tarihi
Book Prof. Dr. Azmi Özcan Kütüphanesi Prof. Dr. Azmi Özcan Kütüphanesi Birûni Salonu Library of Congress Classification Satın DİL VE EDEBİYAT Doğu Asya, Afrika, Okyanusya Dilleri ve Edebiyatları PL248.Y55 S48 2016 0025406 15/12/2010 7.77 7.77         12/11/2010 40 05/12/2024 05/12/2024